000 00727nam a2200229 a 4500
999 _c11426
_d11426
001 11426
003 BD-JhCC
005 20221031134023.0
008 190612b20082016bg a|||| ||a| 000 0 ben d
020 _a9847010500424
035 _a(BD-JhCC)11426
040 _aBD-JhCC
_dBD-JhCC
041 _aben
082 _a891.443
_bAHM 2016
100 _aআহমেদ, হুমায়ূন
245 _aজম্মদিনের উপহার /
_cহুমায়ূন আহমেদ ।
260 _aঢাকা:
_bঅনন্যা প্রকাশনী;
_c২০১৬.
300 _a৫৮২ পৃ. :
_bill;
_c২৬ সেমি.
650 _aNovel
942 _2ddc
_cBK
_05